Eastern Utah Libraries Catalog: Duchesne, Heber, Roosevelt, & Vernal

Royal Duty : (Record no. 400397)

MARC details
000 -LEADER
fixed length control field 02624cam a2200457Ii 4500
001 - CONTROL NUMBER
control field on1135067768
003 - CONTROL NUMBER IDENTIFIER
control field OCoLC
005 - DATE AND TIME OF LATEST TRANSACTION
control field 20240919135711.0
008 - FIXED-LENGTH DATA ELEMENTS--GENERAL INFORMATION
fixed length control field 240919t20202020utu 000 1 eng d
020 ## - INTERNATIONAL STANDARD BOOK NUMBER
International Standard Book Number 1524425389
020 ## - INTERNATIONAL STANDARD BOOK NUMBER
International Standard Book Number 1524425389
035 ## - SYSTEM CONTROL NUMBER
System control number (OCoLC)1135067768
040 ## - CATALOGING SOURCE
Original cataloging agency UPZ
Language of cataloging eng
Description conventions rda
Transcribing agency UPZ
Modifying agency UPZ
-- OCLCF
050 ## - LIBRARY OF CONGRESS CALL NUMBER
Classification number F
082 ## - DEWEY DECIMAL CLASSIFICATION NUMBER
Classification number F
092 ## - LOCALLY ASSIGNED DEWEY CALL NUMBER (OCLC)
Classification number F
100 1# - MAIN ENTRY--PERSONAL NAME
Personal name Abramson, Traci Hunter,
Relator term author.
9 (RLIN) 77006
245 10 - TITLE STATEMENT
Title Royal Duty :
Remainder of title a Novel /
Statement of responsibility, etc Traci Hunter Abramson.
264 #1 - Production, Publication, Distribution, Manufacture, and Copyright Notice.
Place of production, publication, distribution, manufacture American Fork, Utah :
Name of producer, publisher, distributor, manufacturer Covenant Communications, Inc.,
Date of production, publication, distribution, manufacture, or copyr [2024]
264 #4 - Production, Publication, Distribution, Manufacture, and Copyright Notice.
Date of production, publication, distribution, manufacture, or copyr ©2020.
Place of production, publication, distribution, manufacture American Fork, Utah :
Name of producer, publisher, distributor, manufacturer Covenant Communications, Inc.,
300 ## - PHYSICAL DESCRIPTION
Extent 269 pages ;
Dimensions 23 cm.
336 ## - Content Type
Content type term text
337 ## - Media type
Media type term unmediated
338 ## - Carrier type
Carrier type term volume
490 1# - SERIES STATEMENT
Series statement Royal series.
520 ## - SUMMARY, ETC.
Summary, etc The ink on her diploma is barely dry, but Princess Victoria of Sereno is ready to tackle her first project as CEO of the new family business venture, The Royal Sands Resort. Only a month remains until their distinguished guests arrive for her sister Cassie’s coronation, and Victoria has her work cut out for her. Busy with preparations, she assumes that all eyes are on her sister. It’s an assumption that nearly kills her . . .
Expansion of summary note CIA operative Alan Neisler and his canine partner have been tasked with protecting the royal family of Sereno in the days leading up to the coronation. The job seems straightforward—until he finds himself diffusing a bomb the first day he’s on duty. When a second device is found at the family’s beach resort, Alan’s prime objective shifts to protecting Princess Victoria. As Victoria learns to trust Alan with her safety, sparks fly with the man who saves her life. Twice. But if they have any hope of making plans for a happily ever after, Alan and Victoria must outwit a deadly adversary who will stop at nothing to destroy the monarchy.
610 10 - SUBJECT ADDED ENTRY--CORPORATE NAME
Corporate name or jurisdiction name as entry element United States.
Subordinate unit Central Intelligence Agency
General subdivision Officials and employees
Form subdivision Fiction.
9 (RLIN) 5704076
650 #0 - SUBJECT ADDED ENTRY--TOPICAL TERM
Topical term or geographic name as entry element Princesses
Form subdivision Fiction.
9 (RLIN) 5673903
650 #0 - SUBJECT ADDED ENTRY--TOPICAL TERM
Topical term or geographic name as entry element Bodyguards
Form subdivision Fiction.
9 (RLIN) 5690910
650 #0 - SUBJECT ADDED ENTRY--TOPICAL TERM
Topical term or geographic name as entry element Assassins
Form subdivision Fiction.
9 (RLIN) 5674246
655 #7 - INDEX TERM--GENRE/FORM
Genre/form data or focus term Fiction.
Source of term fast
9 (RLIN) 5673940
655 #7 - INDEX TERM--GENRE/FORM
Genre/form data or focus term Novels.
Source of term fast
9 (RLIN) 5705821
655 #7 - INDEX TERM--GENRE/FORM
Genre/form data or focus term Thrillers (Fiction)
Source of term fast
9 (RLIN) 5697221
655 #7 - INDEX TERM--GENRE/FORM
Genre/form data or focus term Romantic suspense fiction.
Source of term gsafd.
9 (RLIN) 5813880
655 #7 - INDEX TERM--GENRE/FORM
Genre/form data or focus term Thrillers (Fiction)
Source of term lcgft.
9 (RLIN) 5697221
655 #7 - INDEX TERM--GENRE/FORM
Genre/form data or focus term Novels.
Source of term lcgft.
9 (RLIN) 5705821
655 #7 - INDEX TERM--GENRE/FORM
Genre/form data or focus term LDS fiction.
Source of term local.
9 (RLIN) 5726108
800 1# - SERIES ADDED ENTRY--PERSONAL NAME
Personal name Abramson, Traci Hunter.
Title of a work Royal series.
9 (RLIN) 5813881
907 ## - LOCAL DATA ELEMENT G, LDG (RLIN)
a .b423574206
942 ## - ADDED ENTRY ELEMENTS (KOHA)
Source of classification or shelving scheme Dewey Decimal Classification
Koha item type BOOK
Holdings
Withdrawn status Lost status Source of classification or shelving scheme Damaged status Not for loan Collection code Home library Current library Shelving location Date acquired Source of acquisition Total Checkouts Total Renewals Full call number Barcode Date last seen Date checked out Cost, replacement price Price effective from Koha item type
    Dewey Decimal Classification     Adult Fiction LDS Wasatch County Library Wasatch County Library First Floor 12/18/2024 Amazon 7 6 F LDS Abramson 34301002140798 01/05/2026 10/24/2025 16.99 12/18/2024 BOOK
This project was made possible through a grant from the Institute of Museum and Library Service administered by the Utah State Library Division.

Wasatch County Library

  • 465 East 1200 South, Heber City, Utah 84032
  • Phone 435-654-1511 | Fax 435-654-6456

Hours

  • Monday - Friday 9:30 AM - 8:00 PM
  • Saturday 9:30 AM - 1:30 PM
  • Closed Sundays and Holidays